000 01311nam a22004690a 4500
001 PT59994
003 AR-LpoUNG
005 20260120154937.0
008 201001s2018||||ag |||||||||||||||||spa d
020 _a9789876303361
_c$2
040 _aAR-LpoUNG
_bspa
_eaacr
041 _aspa
044 _aag
082 0 _a320.092 531rau
100 1 _aVernengo, Matías
245 1 0 _aRaúl Prebisch :
_bel desarrollo de la periferia
250 _a1ra. ed.
260 _aLos Polvorines :
_bUniversidad Nacional de General Sarmiento,
_c2018.
300 _a75 p. :
_bil., tbls., gráfs.
490 0 _aPensadores de América Latina ;
_vno.9
650 4 _aAMERICA LATINA
650 4 _aANALISIS DE CONTENIDO
650 4 _aARGENTINA
650 4 _aBIOGRAFIAS
650 4 _aCAPITALISMO
650 4 _aCEPAL
650 4 _aCICLOS ECONOMICOS
650 4 _aECONOMIA
650 4 _aIDEOLOGIAS POLITICAS
650 4 _aINDUSTRIALIZACION
650 4 _aINTELECTUALES
650 4 _aPAISES MENOS ADELANTADOS
650 4 _aPENSAMIENTO ECONOMICO
650 4 _aPOLITICA NACIONAL
650 4 _aTEORIA ECONOMICA
653 0 _aPENSAMIENTO LATINOAMERICANO
700 1 _aFal, Juan
_eint.
700 1 _aPérez Caldentey, Esteban
700 1 _aYabkowsky, Nuria
_eint.
905 _a59994
942 _cLIB
_2ddc
999 _c51561
_d51561